| 000 | 00609nam a2200193 a 4500 | ||
|---|---|---|---|
| 005 | 20210219151324.0 | ||
| 008 | 991125s1988 mx 000 0 spa u | ||
| 020 | _a9684264380 | ||
| 035 | _aUPN01000031974 | ||
| 049 | _aCG | ||
| 050 | 4 | _aRC480.5 S4.58 | |
| 100 | 1 | _aSlaikeu, Karl A. | |
| 245 | 1 | 0 |
_aIntervención en crisis : _bmanual para práctica e investigación / _cKarl A. Slaikeu ; tr. Ma. Gabriela Ledesma Pineda ; rev. Herlinda Juárez Ramírez |
| 260 |
_aMéxico : _bEl Manual Moderno, _c1988 |
||
| 300 | _a313 p. | ||
| 650 | 4 |
_aPSICOTERAPIA- _vMANUALES |
|
| 904 |
_aAC _b031975 |
||
| 905 | _aLibro | ||
| 999 |
_c31974 _d31974 |
||